000 00284nam a22001337a 4500
008 190305b xxu||||| |||| 00| 0 eng d
020 _a2740274222781
041 _aeng
080 _23rd
_a510
100 _a36
101 _aMAT
245 _aCalculus
_cRogawski,J
942 _2udc
_cBK
999 _c54570
_d54570